Welcome to University of Cape Coast Library, Online Public Access Catalogue (OPAC)

Organic chemistry: a brief course / (Record no. 20706)

MARC details
000 -LEADER
fixed length control field 00906cam a2200301Mi 4500
001 - CONTROL NUMBER
control field ocn440737165
003 - CONTROL NUMBER IDENTIFIER
control field OCoLC
005 - DATE AND TIME OF LATEST TRANSACTION
control field 20220304140611.0
008 - FIXED-LENGTH DATA ELEMENTS--GENERAL INFORMATION
fixed length control field 010110s1997 nyua f p 000 0 eng d
020 ## - INTERNATIONAL STANDARD BOOK NUMBER
International Standard Book Number 0070113378
020 ## - INTERNATIONAL STANDARD BOOK NUMBER
International Standard Book Number 9780070113374
020 ## - INTERNATIONAL STANDARD BOOK NUMBER
International Standard Book Number 0071140050
Qualifying information (student ed.)
020 ## - INTERNATIONAL STANDARD BOOK NUMBER
International Standard Book Number 9780071140058
Qualifying information (student ed.)
029 0# - OTHER SYSTEM CONTROL NUMBER (OCLC)
OCLC library identifier SILIS
System control number 67003
035 ## - SYSTEM CONTROL NUMBER
System control number (OCoLC)440737165
040 ## - CATALOGING SOURCE
Original cataloging agency SCLJ
Language of cataloging slv
Description conventions ppiak
Transcribing agency SILIS
Modifying agency OCLCQ
080 ## - UNIVERSAL DECIMAL CLASSIFICATION NUMBER
Universal Decimal Classification number 547
100 1# - MAIN ENTRY--PERSONAL NAME
Personal name Atkins, Robert C.
Relationship aut
9 (RLIN) 19019
245 10 - TITLE STATEMENT
Title Organic chemistry: a brief course /
Statement of responsibility, etc. Robert C. Atkins, Francis A. Carey.
250 ## - EDITION STATEMENT
Edition statement 2nd ed.
260 ## - PUBLICATION, DISTRIBUTION, ETC.
Place of publication, distribution, etc. New York :
Name of publisher, distributor, etc. McGraw-Hill,
Date of publication, distribution, etc. 1997.
300 ## - PHYSICAL DESCRIPTION
Extent XXIV, 524, A-25, G-16, I-15 str. :
Other physical details ilustr. ;
Dimensions 26 cm
504 ## - BIBLIOGRAPHY, ETC. NOTE
Bibliography, etc. note Kazala.
653 0# - INDEX TERM--UNCONTROLLED
Uncontrolled term organska kemija
700 1# - ADDED ENTRY--PERSONAL NAME
Personal name Carey, Francis A.
Relationship aut
9 (RLIN) 19020
942 ## - ADDED ENTRY ELEMENTS (KOHA)
Koha item type Books
948 ## - LOCAL PROCESSING INFORMATION (OCLC); SERIES PART DESIGNATOR (RLIN)
h (OCLC) NO HOLDINGS IN GHUCC - 1 OTHER HOLDINGS
Holdings
Lost status Collection code Home library Shelving location Date acquired Total Checkouts Full call number Barcode Date last seen Date last checked out Koha item type Date due
  Open UCC Main Library   02/27/2018 4 QD253.At5 30261100567009 05/17/2019 02/26/2019 Books  
  Open UCC Main Library   11/09/2018 2 QD253.At5 30261100566985 06/07/2024 06/07/2024 Books 06/21/2024
Koha©2022 UCC.All Right Reserved.Site Developed by Sam Jonah Library IT Team
<Home | Contact | Library publications |Research Tools | Research Guides |https://ucclivechat.library-gh.net/index.php/chat

If you have questions or concern please contact the Library.



PMB, University of Cape Coast

KOHA HOME